书目信息 |
| 题名: |
宋朝那些事儿
|
|
| 作者: | 周膺 著 | |
| 分册: | ||
| 出版信息: | 北京 中国人民大学出版社 2007 |
|
| 页数: | 332页 | |
| 开本: | 23cm | |
| 丛书名: | 朗朗书房 | |
| 单 册: | ||
| 中图分类: | K244.09 | |
| 科图分类: | ||
| 主题词: | 宋代--历史--通俗读物 | |
| 电子资源: | ||
| ISBN: | 978-7-300-08474-9 | |
| 000 | 00868oam2 2200277 450 | |
| 001 | 012004177583 | |
| 005 | 20080226142242.92 | |
| 009 | 012004177583 | |
| 010 | @a978-7-300-08474-9@dCNY26.80 | |
| 035 | @a(110017)062007048674 | |
| 100 | @a20071011d2007 em y0chiy0110 ea | |
| 101 | 0 | @achi |
| 102 | @aCN@b110000 | |
| 105 | @ay z 000yy | |
| 106 | @ar | |
| 200 | 1 | @a宋朝那些事儿@Asong chao na xie shi er@f周膺著 |
| 210 | @a北京@c中国人民大学出版社@d2007 | |
| 215 | @a332页@d23cm | |
| 225 | 2 | @a朗朗书房@i历史新阅读@v4 |
| 330 | @a本书描述了大宋帝国三百年的沧海桑田,包括:经济新途径、崇文时代、世相变态、政局变易与官戏、不可或忘之人物、君主与权相等内容。 | |
| 462 | 0 | @12001 @a历史新阅读@v4 |
| 606 | 0 | @a宋代@x历史@j通俗读物 |
| 690 | @aK244.09@v4 | |
| 701 | 0 | @a周膺@Azhou ying@f(1961-)@4著 |
| 801 | 0 | @aCN@b110017@c20080226 |
| 905 | @dK244.09@e43@f10 | |
| 宋朝那些事儿/周膺著.-北京:中国人民大学出版社,2007 |
| 332页;23cm.-(朗朗书房.历史新阅读;4) |
| ISBN 978-7-300-08474-9:CNY26.80 |
| 本书描述了大宋帝国三百年的沧海桑田,包括:经济新途径、崇文时代、世相变态、政局变易与官戏、不可或忘之人物、君主与权相等内容。 |
| ● |
| 相关链接 |
|
|
|
|
正题名:宋朝那些事儿
索取号:K244.09/43
 
预约/预借
| 序号 | 登录号 | 条形码 | 馆藏地/架位号 | 状态 | 备注 |
| 1 | 0626587 | 206265879 | 第二样本阅览室/ [索取号:K244.09/43] | 在馆 | |
| 2 | 0626588 | 206265888 | 第二借阅区/ [索取号:K244.09/43] | 在馆 | |
| 3 | 0626589 | 206265897 | 第二借阅区/ [索取号:K244.09/43] | 在馆 | |
| 4 | 0626590 | 206265904 | 第二借阅区/ [索取号:K244.09/43] | 在馆 | |
| 5 | 0626591 | 206265913 | 第二借阅区/ [索取号:K244.09/43] | 在馆 | |
| 6 | 0626592 | 206265922 | 第二借阅区/ [索取号:K244.09/43] | 在馆 | |
| 7 | 0626593 | 206265931 | 第二借阅区/ [索取号:K244.09/43] | 在馆 | |
| 8 | 0626594 | 206265940 | 第二借阅区/ [索取号:K244.09/43] | 在馆 | |
| 9 | 0626595 | 206265959 | 第二借阅区/ [索取号:K244.09/43] |
已借出,限还日期为2018.05.14 借出人:单 丽 |
|
| 10 | 0626596 | 206265968 | 第二借阅区/ [索取号:K244.09/43] | 在馆 |